=LDR 00000nam 2200000 4500 =001 INLIS000000000061749 =005 20221108123325 =035 ##$$a 0010-1122000130 =007 ta =008 221108###########################0#ind## =020 ##$$a 978-602-237-555-7-8 =082 ##$$a 372.076 =084 ##$$a 372.076 Sup s =245 ##$$a Super Book UN SMP/MTS : $b Edisi Lengkap CBT & PBT =260 ##$$a Jakarta :$b Grasindo,$c 2016 =300 ##$$a 422 Halaman : $b ilustrasi ; $c 26 Cm =650 #4$$a Pendidikan dasar, -Ujian,Soal Dsb =990 ##$$a 27732773